Elektrická zařízení osobních automobilů /

Gespeichert in:
Bibliographische Detailangaben
1. Verfasser: Kubín, Pavel (Verfasst von)
Format: Buch
Sprache:Tschechisch
Veröffentlicht: Praha : SNTL, 1985
Ausgabe:2.upr.a dopl.vyd.
Tags: Tag hinzufügen
Keine Tags, Fügen Sie das erste Tag hinzu!

MARC

LEADER 00000nam a22000003a 4500
001 stu8910
005 20150617225807.3
008 960425s1985----xb------------------cze-d
040 |a STU  |b slo 
041 0 |a cze 
044 |a xb 
080 |a 629.113.066 
100 1 |a Kubín, Pavel  |4 aut 
245 1 |a Elektrická zařízení osobních automobilů /  |c [aut.] Kubín,Pavel 
250 |a 2.upr.a dopl.vyd. 
260 |a Praha :  |b SNTL,  |c 1985 
300 |a 348 s 
996 |b 284EK04998  |c E*59380  |l EE01  |s A  |a 24  |w stu8910_0002